Dus pratinidhi kahaniyam/ (Record no. 11502)

000 -LEADER
fixed length control field 00352nam a22001451a 4500
020 ## - INTERNATIONAL STANDARD BOOK NUMBER
ISBN 9788170162148
082 ## - DEWEY DECIMAL CLASSIFICATION NUMBER
Classification number H301
Item number MAN/D
245 ## - TITLE STATEMENT
Title Dus pratinidhi kahaniyam/
Statement of responsibility, etc by Mannu Bhandari
260 ## - PUBLICATION, DISTRIBUTION, ETC. (IMPRINT)
Place of publication New Delhi:
Name of publisher Kithabghar,
Year of publication 2005.
300 ## - PHYSICAL DESCRIPTION
Number of Pages 140p.
650 ## - SUBJECT ADDED ENTRY--TOPICAL TERM
Topical Term Stories Hindi
650 ## - SUBJECT ADDED ENTRY--TOPICAL TERM
Topical Term Literature Hindi
650 ## - SUBJECT ADDED ENTRY--TOPICAL TERM
Topical Term Literature
942 ## - ADDED ENTRY ELEMENTS (KOHA)
Koha item type Book
Holdings
Withdrawn status Lost status Damaged status Not for loan Permanent Location Current Location Date acquired Cost, normal purchase price Full call number Accession Number Cost, replacement price Price effective from Koha item type
        Sree Sankaracharya University of Sanskrit Sree Sankaracharya University of Sanskrit 08.01.2015 140.00 H301 MAN/D 054204 0.00 08.01.2015 Book